| 000 | 00000nam##2200000za#4500 |
| 001 | 9.578711 |
| 003 | CaOODSP |
| 005 | 20210624190221 |
| 007 | cr ||||||||||| |
| 008 | 150406|2008||||xxc|||||o f|0| 0 eng|d |
| 040 | |aCaOODSP|beng |
| 043 | |an-cn--- |
| 086 | 1 |aFs3-5/2008-03E-PDF |
| 110 | 1 |aCanada. |bDepartment of Fisheries and Oceans. |
| 245 | 10|aUpdate of allocation shares for Canada and the USA of the transboundary resources of Atlantic cod, haddock and yellowtail flounder on Georges Bank through fishing year 2009 / |h[electronic resource]|c[by] S. Gavaris, L. O'Brien, and R. Mayo. |
| 260 | |aOttawa - Ontario : |bFisheries and Oceans Canada |
| 300 | |a29p.|bmaps, references, tables, graphs |
| 490 | 1 |aTransboundary Resource Assessment Committee reference document|v2008/03 |
| 546 | |a(Résumé en français) |
| 590 | |a14-12-Supp|b2014-05-30 |
| 830 | #0|aTransboundary Resource Assessment Committee reference document ;|v2008/03|w(CaOODSP)9.507742 |
| 856 | 40|ahttp://publications.gc.ca|qPDF|s320 KB|uhttps://publications.gc.ca/collections/collection_2014/mpo-dfo/Fs3-5-2008-03-eng.pdf|y2008/03 |